000
00342nam a2200133Ia 4500
008
231017s9999 xx 000 0 und d
082
_a
625.7
082
_b
WHI
245
0
_a
ITC Development engineering course
245
0
_c
International labor organization
260
_b
International labor organization
300
_c
30cm
942
_c
REP
999
_c
605833
_d
605833